[Event "Kramatorsk match"]
[Site "Kramatorsk"]
[Date "1996.??.??"]
[Round "1"]
[White "Ponomariov, Ruslan"]
[Black "Golubev, Mikhail"]
[Result "0-1"]
[WhiteElo "2550"]
[BlackElo "2520"]
[PlyCount "82"]
[EventDate "1996.10.??"]
[EventType "match"]
[EventRounds "6"]
[EventCountry "UKR"]
[SourceTitle "EXT 2008"]
[Source "ChessBase"]
[SourceDate "2007.11.25"]
[SourceVersion "1"]
[SourceVersionDate "2007.11.25"]
[SourceQuality "1"]

1. e4 c5 2. c3 Nf6 3. e5 Nd5 4. Nf3 d6 5. Bc4 Nb6 6. Bb3 c4 7. Bc2 dxe5 8. Nxe5
N8d7 9. Qe2 Nxe5 10. Qxe5 Qd6 11. Qe4 Bd7 12. O-O Bc6 13. Qg4 h5 14. Qe2 Rd8
15. b3 Qd5 16. f3 e6 17. Be4 Qc5+ 18. Kh1 Bxe4 19. fxe4 h4 20. h3 Qh5 21. Qxh5
Rxh5 22. bxc4 Nxc4 23. d4 e5 24. d5 f5 25. Nd2 Ne3 26. Rf3 f4 27. Rb1 b6 28.
Nb3 Nc4 29. Kg1 Rc8 30. Kf1 b5 31. Bd2 Rh6 32. Be1 Be7 33. Nc1 Ne3+ 34. Rxe3
fxe3 35. Rxb5 Rc4 36. Ke2 Rxe4 37. Ra5 a6 38. Nd3 Rf6 39. Nc5 Bxc5 40. Rxc5 Ra4
41. Kxe3 Rff4 0-1

[Event "Kramatorsk match"]
[Site "Kramatorsk"]
[Date "1996.??.??"]
[Round "2"]
[White "Golubev, Mikhail"]
[Black "Ponomariov, Ruslan"]
[Result "1/2-1/2"]
[WhiteElo "2520"]
[BlackElo "2550"]
[PlyCount "98"]
[EventDate "1996.10.??"]
[EventType "match"]
[EventRounds "6"]
[EventCountry "UKR"]
[SourceTitle "EXT 2008"]
[Source "ChessBase"]
[SourceDate "2007.11.25"]
[SourceVersion "1"]
[SourceVersionDate "2007.11.25"]
[SourceQuality "1"]

1. e4 c6 2. d4 d5 3. Nc3 dxe4 4. Nxe4 Nd7 5. Nf3 Ngf6 6. Ng3 e6 7. Bc4 Nb6 8.
Bd3 c5 9. dxc5 Bxc5 10. O-O O-O 11. Qe2 Qc7 12. Ne4 Be7 13. Nxf6+ Bxf6 14. Qe4
g6 15. Bf4 Qc5 16. Be5 Nd7 17. Bxf6 Nxf6 18. Qh4 Kg7 19. Rae1 b6 20. Re5 Qd6
21. Rfe1 Bb7 22. Ng5 Rad8 23. Bc4 Qc6 24. f3 h6 25. Nh3 Rd2 26. Nf4 Rxc2 27.
Bb3 Rxb2 28. Rxe6 Qc5+ 29. Kh1 Qg5 30. Qxg5 hxg5 31. Re7 gxf4 32. Rxb7 a5 33.
Kg1 a4 34. Bxa4 Rxa2 35. Bb3 Rb2 36. Bc4 Rb4 37. Ba2 g5 38. Ree7 Ra8 39. Bxf7
Ra1+ 40. Kf2 Kh6 41. g3 Rb2+ 42. Re2 Rh1 43. Kg2 Rxh2+ 44. Kxh2 Rxe2+ 45. Kh3
Rb2 46. g4 Rf2 47. Bd5 Nxd5 48. Rxb6+ Kg7 49. Rg6+ Kf7 1/2-1/2

[Event "Kramatorsk match"]
[Site "Kramatorsk"]
[Date "1996.??.??"]
[Round "3"]
[White "Ponomariov, Ruslan"]
[Black "Golubev, Mikhail"]
[Result "0-1"]
[WhiteElo "2550"]
[BlackElo "2520"]
[PlyCount "56"]
[EventDate "1996.10.??"]
[EventType "match"]
[EventRounds "6"]
[EventCountry "UKR"]
[SourceTitle "EXT 2008"]
[Source "ChessBase"]
[SourceDate "2007.11.25"]
[SourceVersion "1"]
[SourceVersionDate "2007.11.25"]
[SourceQuality "1"]

1. e4 c5 2. c3 Nf6 3. e5 Nd5 4. Nf3 Nc6 5. Bc4 Nb6 6. Bb3 g6 7. O-O Bg7 8. Re1
O-O 9. Na3 d5 10. exd6 exd6 11. d4 cxd4 12. Bg5 Bf6 13. Bh6 dxc3 14. Bxf8 cxb2
15. Rb1 Kxf8 16. Qd2 Bg4 17. Qf4 Bxf3 18. Qxf3 d5 19. Nb5 a6 20. Nc7 Nd4 21.
Qf4 g5 22. Qg3 Rc8 23. Ne8 Rc1 24. Qd6+ Qxd6 25. Nxd6 Nc4 26. Nxb7 Nxb3 27.
axb3 Rxb1 28. Rxb1 Nd2 0-1

[Event "Kramatorsk match"]
[Site "Kramatorsk"]
[Date "1996.??.??"]
[Round "4"]
[White "Golubev, Mikhail"]
[Black "Ponomariov, Ruslan"]
[Result "0-1"]
[WhiteElo "2520"]
[BlackElo "2550"]
[PlyCount "86"]
[EventDate "1996.10.??"]
[EventType "match"]
[EventRounds "6"]
[EventCountry "UKR"]
[SourceTitle "EXT 2008"]
[Source "ChessBase"]
[SourceDate "2007.11.25"]
[SourceVersion "1"]
[SourceVersionDate "2007.11.25"]
[SourceQuality "1"]

1. e4 c5 2. Nf3 Nc6 3. Bb5 g6 4. O-O Bg7 5. c3 e5 6. d4 cxd4 7. cxd4 Nxd4 8.
Nxd4 exd4 9. e5 Ne7 10. Qxd4 O-O 11. Rd1 Nf5 12. Qd5 d6 13. exd6 Be6 14. Qxb7
Rb8 15. Qa6 Nd4 16. Nc3 Nxb5 17. Nxb5 Bc8 18. Qxa7 Rxb5 19. Be3 Bxb2 20. Rab1
Bf5 21. a4 Ra5 22. Qb6 Bxb1 23. Qxb2 Bf5 24. d7 Ra8 25. Bh6 f6 26. Bxf8 Qxf8
27. a5 Rd8 28. a6 Rxd7 29. Rxd7 Bxd7 30. Qb3+ Kg7 31. Qb7 Qe8 32. h4 Kh6 33. a7
Bc6 34. Qb4 Kg7 35. Qb8 Qe1+ 36. Kh2 Qe4 37. Qg3 Qe5 38. Qxe5 fxe5 39. Kg3 Kf6
40. f3 Kf5 41. Kf2 e4 42. fxe4+ Kxe4 43. Kg3 h5 0-1

[Event "Kramatorsk match"]
[Site "Kramatorsk"]
[Date "1996.??.??"]
[Round "5"]
[White "Ponomariov, Ruslan"]
[Black "Golubev, Mikhail"]
[Result "1/2-1/2"]
[WhiteElo "2550"]
[BlackElo "2520"]
[PlyCount "117"]
[EventDate "1996.10.??"]
[EventType "match"]
[EventRounds "6"]
[EventCountry "UKR"]
[SourceTitle "EXT 2008"]
[Source "ChessBase"]
[SourceDate "2007.11.25"]
[SourceVersion "1"]
[SourceVersionDate "2007.11.25"]
[SourceQuality "1"]

1. e4 c5 2. c3 Nf6 3. e5 Nd5 4. Nf3 Nc6 5. Bc4 Nb6 6. Bb3 c4 7. Bc2 Qc7 8. Qe2
g5 9. e6 dxe6 10. Nxg5 Ne5 11. O-O Bh6 12. d4 cxd3 13. Bxd3 Nxd3 14. Qxd3 Qc4
15. Qf3 Bxg5 16. Bxg5 Rg8 17. h4 e5 18. Na3 Qc6 19. Qxc6+ bxc6 20. Kh2 f6 21.
Bd2 Bf5 22. f3 O-O-O 23. Rad1 Be6 24. b3 Rd3 25. Bc1 Rxc3 26. Bd2 Rd3 27. Bb4
Rxd1 28. Rxd1 Nd5 29. Bc5 a6 30. Nc4 Kc7 31. h5 Rb8 32. Rd2 Rb5 33. Ba3 Nb4 34.
Ne3 e4 35. fxe4 Rxh5+ 36. Kg3 c5 37. Kf4 a5 38. Bxb4 axb4 39. Nf5 Bxf5 40. exf5
Rh1 41. g4 h5 42. gxh5 Rh4+ 43. Kg3 Rxh5 44. Kg4 Rg5+ 45. Kf4 e5+ 46. fxe6 Re5
47. e7 Kc6 48. e8=B+ Rxe8 49. Kf5 c4 50. bxc4 Kc5 51. Rc2 Rf8 52. Rc1 Ra8 53.
Rc2 Ra6 54. Kg6 Ra3 55. Kxf6 Rc3 56. Rd2 Kxc4 57. Ke6 Re3+ 58. Kd6 Kc3 59. Rh2
1/2-1/2

[Event "Kramatorsk match"]
[Site "Kramatorsk"]
[Date "1996.??.??"]
[Round "6"]
[White "Golubev, Mikhail"]
[Black "Ponomariov, Ruslan"]
[Result "1/2-1/2"]
[WhiteElo "2520"]
[BlackElo "2550"]
[PlyCount "82"]
[EventDate "1996.10.??"]
[EventType "match"]
[EventRounds "6"]
[EventCountry "UKR"]
[SourceTitle "EXT 2008"]
[Source "ChessBase"]
[SourceDate "2007.11.25"]
[SourceVersion "1"]
[SourceVersionDate "2007.11.25"]
[SourceQuality "1"]

1. e4 d6 2. d4 Nf6 3. f3 d5 4. e5 Ng8 5. c3 Bf5 6. Bd3 Bxd3 7. Qxd3 Qd7 8. Ne2
e6 9. Be3 h5 10. Nd2 Nh6 11. O-O-O c5 12. dxc5 Nf5 13. Bf2 Qc7 14. Nb3 Nd7 15.
Ned4 Nxd4 16. cxd4 b6 17. c6 Qxc6+ 18. Kb1 Qc4 19. Qe3 g6 20. Rc1 Bh6 21. f4
Qb5 22. h3 a5 23. Nd2 a4 24. g4 Bf8 25. a3 hxg4 26. hxg4 Rxh1 27. Rxh1 Rc8 28.
f5 gxf5 29. gxf5 exf5 30. e6 Nf6 31. e7 Bg7 32. Qg5 Qd3+ 33. Ka1 Kxe7 34. Qxg7
Qxd2 35. Bh4 Rc6 36. Bg5 Qxd4 37. Rh7 Qd1+ 38. Ka2 Qb3+ 39. Ka1 d4 40. Rh6 Qd1+
41. Ka2 Qb3+ 1/2-1/2

[Event "Pamplona 9697 7th"]
[Site "Pamplona"]
[Date "1996.??.??"]
[Round "4"]
[White "Magem Badals, Jordi"]
[Black "Ponomariov, Ruslan"]
[Result "1/2-1/2"]
[WhiteElo "2570"]
[BlackElo "2550"]
[Annotator "Tsesarsky,I"]
[PlyCount "58"]
[EventDate "1996.12.??"]
[EventType "tourn"]
[EventRounds "9"]
[EventCountry "ESP"]
[EventCategory "13"]
[SourceTitle "CBM 057"]
[Source "ChessBase"]
[SourceDate "1997.04.01"]
[SourceVersion "1"]
[SourceVersionDate "1997.04.01"]
[SourceQuality "1"]

1. e4 c5 2. Nf3 Nc6 3. d4 cxd4 4. Nxd4 Nf6 5. Nc3 g6 6. Nxc6 bxc6 (6... dxc6 7.
Qxd8+ Kxd8 8. Bc4 $16 Ke8 9. Bf4 Bg7 10. O-O-O Nd7 11. Bc7 $1 Bxc3 12. bxc3 Kf8
13. Rd2 Kg7 14. Rhd1 {Gligoric-Kristiansen, Reykjavik 1964}) 7. e5 Ng8 (7...
Nd5 8. Nxd5 cxd5 9. Qxd5 Rb8 10. e6 $1 {/\Qe5+-} f6 11. Bf4 $1 Rb6 12. Bb5) 8.
Bc4 Bg7 (8... d5 9. exd6 exd6 10. O-O d5 11. Re1+ Be6 12. Bb3 Bg7 13. Na4 {
+/=/+/-}) 9. Bf4 (9. Qf3 f5 10. Bf4 Rb8 $1 11. O-O e6 12. Rfe1 Qc7 13. Bb3 Ne7
$14) 9... Qa5 10. Qf3 $6 (10. O-O $1 Bxe5 (10... f5 $5 11. Re1 e6 12. a3 (12.
Qf3 Rb8 13. b3 (13. Bb3 Ne7 14. Qg3 h6 15. h4 c5 $132) 13... Ne7 (13... d5 $2
14. exd6 Bxc3 15. Qxc6+ Bd7 16. Rxe6+ $18) 14. Rad1 $16) 12... Nh6 13. Qe2 Nf7
14. h4 h6 15. Bd2 (15. b4 Qd8 16. h5 g5 17. Bh2 f4 18. Ne4 Bxe5 19. Rad1 Qc7
$44) 15... Qxe5 $44 {Hunt,H-Fierro,M/WchG-18 Guarapuava 1995/1/2-1/2 (59)}) 11.
Bxe5 Qxe5 12. Re1 Qf4 (12... Qc7 13. Qf3 $40) 13. Re4 Qf6 14. Re3 $1 {/\Rf3,
Ne4->} d5 (14... Nh6 15. Ne4 Qf4 16. g3 Qc7 17. Nd6+ Kd8 18. Qd4 Rg8 19. Nxf7+
Nxf7 20. Bxf7 Rf8 21. Qg7 $18) 15. Bxd5 Bf5 (15... cxd5 16. Qxd5 $1 Rb8 17. Ne4
Qg7 $8 18. Rb3 $1 Rxb3 19. Qc6+ $1 $18) 16. Bf3 $2 {1/2-1/2 Timman,
J-Kortschnoj,V/Brussels cqf2 1991 (41)} (16. Re6 $1 {/\17.Bxc6+,18.Bxa8+- _|_})
(16. Ne4 Bxe4 17. Bxe4 Rc8 18. c3 Nh6 19. Qa4 Kf8 20. Qxa7 $16 {1-0 Ivanov,
A-COMP ChessSystem R30/Boston Harvard Cup 1993 (63)})) 10... Bxe5 (10... f6 11.
Bg3 Ba6 12. b4 $6 (12. e6 $1 d5 (12... Bxc4 13. exd7+ Kxd7 (13... Kf8 14. Qxc6
$18) 14. O-O-O+ Bd5 15. Nxd5 $18) 13. Bxa6 Qxa6 14. O-O-O Nh6 15. h4 Nf5 16. h5
$16) 12... Qb6 (12... Qa3 13. b5 Bb7 14. e6 $1 d5 15. bxc6 Bxc6 16. Bxd5 Bxd5
17. Nxd5 Qxf3 18. gxf3 $16) 13. b5 Bb7 14. O-O cxb5 $1 (14... Rc8 $2 15. Na4
Qa5 (15... Qd8 16. b6 $1 axb6 17. Qb3 Nh6 18. Nxb6 Rb8 (18... fxe5 19. Nxc8
Bxc8 20. Qc3 $18) 19. e6 d6 20. Nd7 $18) 16. Nc5 Ba8 $4 (16... Qb4 $1 17. Nxb7
Qxc4 18. Qe3 $1 {[%cal Gb7d6]} Bh6 19. Qxa7 cxb5 $132) 17. Qb3 $18 Nh6 18. Nxd7
$1 cxb5 19. Bxb5 Bc6 20. Nxf6+ Bxf6 21. Bxc6+ Rxc6 22. exf6 {1-0 Unzicker,
W-Rausis,I/Daugavpils 1990}) 15. Bd5 Bc6 $44 16. e6 Rc8) 11. Bxf7+ Kxf7 12.
Bxe5+ Nf6 13. Bxf6 exf6 14. O-O d5 15. Rfe1 Bf5 $11 (15... Be6 16. Ne2 Rhe8 17.
c3 Qc7 18. Nd4 Bd7 19. b4 Re5 20. Re3 Rxe3 21. Qxe3 Re8 $11 {Csoke,A-Levitan,Y/
Jakarta iztW 1993/1-0 (65)}) 16. Ne2 (16. Re2 Rae8 17. Rae1 Qd8 $11) 16... Rhe8
17. c3 Bd7 18. b4 Qa6 19. Nd4 (19. a4 $6 Re5 20. b5 $6 cxb5 21. Nf4 Rae8 22.
Rxe5 Rxe5 $15) 19... Rxe1+ 20. Rxe1 Qxa2 21. h3 $44 {[%csl Ra2][%cal Gf3e3]}
Re8 22. Rxe8 Bxe8 23. Qg3 Qb1+ 24. Kh2 Qe4 25. Nxc6 Bxc6 (25... a6 26. Nd8+ Kg8
27. Nb7 Bb5 28. Nd6 Qe5 $11) 26. Qc7+ Kf8 27. Qxc6 Qf4+ 28. Kg1 Qc1+ 29. Kh2
Qf4+ 1/2-1/2

[Event "Pamplona 9697 7th"]
[Site "Pamplona"]
[Date "1996.??.??"]
[Round "5"]
[White "Ponomariov, Ruslan"]
[Black "Garcia Ilundain, David"]
[Result "1-0"]
[WhiteElo "2550"]
[BlackElo "2520"]
[Annotator "Jacoby,G"]
[PlyCount "51"]
[EventDate "1996.12.??"]
[EventType "tourn"]
[EventRounds "9"]
[EventCountry "ESP"]
[EventCategory "13"]
[SourceTitle "CBM 057"]
[Source "ChessBase"]
[SourceDate "1997.04.01"]
[SourceVersion "1"]
[SourceVersionDate "1997.04.01"]
[SourceQuality "1"]

1. e4 d5 2. exd5 Qxd5 3. Nc3 Qd8 $6 (3... Qa5) 4. d4 Nf6 5. Nf3 c6 (5... Bf5 6.
Ne5 e6 7. g4 Be4 8. Nxe4 Nxe4 9. Bg2 Nd6 10. O-O c6 11. c4 Nd7 12. Qb3 Qb6 13.
Nxd7 Qxb3 14. axb3 {Westerinen,H-Hernando,A/Zaragoza op 1993/EXT 93op/1/2-1/2 
(63)}) 6. Bc4 Bf5 7. Ne5 (7. O-O e6 8. Re1 Be7 9. Ne5 Nbd7 10. Qe2 Nxe5 11.
dxe5 Nd5 12. Ne4 Qc7 13. Ng3 Bg6 14. a3 Nb6 15. Bb3 O-O-O 16. a4 Rd7 17. a5 Nd5
18. a6 b6 19. c3 Rhd8 20. Qg4 h6 21. h4 Bf8 22. Qc4 b5 23. Qg4 Ne7 24. Bf4 Bf5
25. Nxf5 Nxf5 26. h5 {Fernandez Urrutia,L-Gines,P/Zaragoza-B op 1996/EXT 96op2/
1-0 (42)}) 7... e6 8. g4 $5 Bg6 9. h4 Bb4 (9... Nbd7 $6 10. Nxd7 Qxd7 11. h5
Be4 12. Nxe4 Nxe4 13. Be3 $14) 10. Rh3 $5 (10. h5 Be4 (10... Bxc3+ $6 11. bxc3
Be4 12. f3 Bd5 13. Bd3 b5 14. h6 g6 15. Bg5) (10... Bxc2 $2 11. Qxc2 Qxd4 12.
f4 Ne4 (12... Nxg4 13. Nxg4 Qxc4 14. h6 $36) 13. Bd2) 11. f3 Bd5 12. Bd3) 10...
Nbd7 11. Qe2 Nb6 (11... h5 $2 12. Nxg6 hxg4 13. Bxe6 gxh3 (13... fxg6 14. Bxg4+
) 14. Bb3+ Be7 15. Nxh8 h2 16. Bxf7+ Kf8 17. Qe6 h1=Q+ 18. Ke2 Qg1 (18... g5
19. Bxg5 $1) 19. Ng6+ Qxg6 20. Bxg6 Qe8 21. Bxe8 $18) (11... Nxe5 $5 12. dxe5
Ne4 13. h5 Qd4 14. hxg6 Nxc3 15. gxf7+ Kf8 $13) 12. h5 Be4 13. Bf4 (13. g5 $2
Qxd4 14. gxf6 Qxe5 15. fxg7 Rg8 16. Re3 (16. h6 Nxc4 $19) 16... Rxg7 $1 $17)
13... Qxd4 (13... Bxc3+ 14. Rxc3 Nxc4 15. Nxc4 O-O 16. O-O-O $16) (13... Nxc4
$5 14. Qxc4 Nd5 (14... Bxc3+ 15. Qxc3 Nd5 16. Qd2 Bxc2 17. Nxf7 Kxf7 18. Bg5
Nf6 19. Qxc2 Qxd4 $13) 15. Bd2 Bxc3 16. bxc3 (16. Bxc3 Nf4) 16... Bxc2 $13) 14.
Rd1 Bd3 $5 (14... Qc5 $5 15. a3 Bxc3+ 16. Rxc3 Qa5 $1 $15 (16... Na4 17. g5
Nxc3 18. bxc3 Bd5 19. gxf6 gxf6 20. Bxd5 cxd5 21. Ng4 $13)) 15. Rhxd3 Qxf4 16.
Rd4 (16. Nxf7 $5 O-O (16... Qxc4 $2 17. Nxh8 Ke7 18. g5 $16) 17. Rd4 $14) 16...
Qh2 (16... Bxc3+ 17. bxc3 Qh2 18. Nxf7 O-O 19. Bxe6) 17. Nxf7 O-O 18. Bxe6 (18.
Qe5 Qxe5+ 19. Nxe5 Nbd5 $15) (18. Ng5 Nfd5 19. Qxe6+ Kh8 20. Nf7+ Rxf7 21. Qxf7
Rf8 $19) 18... Nbd5 (18... Rxf7 19. Rxb4 Re8 20. Rd3 $1 Kf8 21. Re3 Qh1+ 22.
Qf1 Qxf1+ 23. Kxf1 Rfe7 24. Bf5 Rxe3 25. fxe3 Rxe3 $14) (18... Nfd5 $5 19. Qe5
Bxc3+ 20. bxc3 Qg1+ 21. Kd2 Qxf2+ 22. Kc1 Rxf7 23. c4 Nd7 $13 24. Qf5 Qe3+ 25.
Kb1 Nc3+ 26. Ka1 Nxd1 27. Qxf7+ Kh8 28. Rxd1 (28. Rxd7 Qc1#) 28... Nc5 $17) 19.
Qe5 $1 Qg2 (19... Bxc3+ 20. bxc3 Qg1+ 21. Kd2 Qxf2+ 22. Kc1 Rxf7 23. c4 $1 $16
Qe3+ $2 24. Qxe3 Nxe3 25. Rd8+ Rxd8 26. Rxd8+ Ne8 27. Rxe8#) 20. Rxb4 $1 (20.
Nd6+ Kh8 21. R1d3 Qxf2+ 22. Kxf2 Nxg4+ 23. Kg2 Nxe5 $15) 20... Nxb4 21. Rd8
Nxc2+ (21... Qg1+ 22. Ke2 Raxd8 23. Nxd8+ Kh8 24. Nf7+ Rxf7 25. Qb8+ Ng8 26.
Bxf7 Qxg4+ 27. f3 Qg2+ 28. Ke3 Qg5+ $11) 22. Ke2 Qg1 $2 (22... Raxd8 23. Nxd8+
Kh8 24. Nf7+ Rxf7 (24... Kg8 $2 25. h6 $1 Qg1 26. hxg7 Qe1+ 27. Kd3 Nb4+ 28.
Kc4 $18) 25. Qb8+ (25. Bxf7 $2 Qxf2+ $1 26. Kd3 Ne1+ 27. Kc4 b5+ 28. Kb3 Qxb2+
$1 $19) 25... Ng8 26. Bxf7 Qxg4+ 27. Kf1 Qh3+ $11 28. Ke2 Qg4+ 29. Kd2 Qd7+ 30.
Kxc2 Qf5+ 31. Kd2 Qxf7 32. Qxa7 h6 $11) 23. Qd6 Qe1+ 24. Kd3 Re8 25. Rxa8 Nb4+
26. Kc4 (26. Kc4 b5+ 27. Kb3 Rxa8 28. Nd8+ Qxe6+ 29. Qxe6+ Kh8 30. Nf7+ Kg8 31.
Nh6+ Kh8 32. Qg8+ Rxg8 33. Nf7#) 1-0

[Event "Pamplona 9697 7th"]
[Site "Pamplona"]
[Date "1996.??.??"]
[Round "6"]
[White "Azmaiparashvili, Zurab"]
[Black "Ponomariov, Ruslan"]
[Result "1-0"]
[WhiteElo "2670"]
[BlackElo "2550"]
[Annotator "Hecht,H"]
[PlyCount "85"]
[EventDate "1996.12.??"]
[EventType "tourn"]
[EventRounds "9"]
[EventCountry "ESP"]
[EventCategory "13"]
[SourceTitle "CBM 057"]
[Source "ChessBase"]
[SourceDate "1997.04.01"]
[SourceVersion "1"]
[SourceVersionDate "1997.04.01"]
[SourceQuality "1"]

1. d4 f5 2. g3 Nf6 3. Bg2 e6 4. Nh3 Be7 5. O-O O-O 6. Nf4 d6 7. c3 Nc6 8. Qb3
Na5 9. Qa4 c5 10. dxc5 Bd7 11. Qc2 dxc5 12. Rd1 Qc7 13. Na3 Rad8 14. b4 cxb4
15. cxb4 Qxc2 16. Nxc2 Nc4 17. Bxb7 Ba4 18. Rxd8 Rxd8 19. Ne3 Nxe3 20. Bxe3 e5
21. Nd3 e4 22. Ne5 Bxb4 23. Bc6 Rd1+ 24. Rxd1 Bxd1 25. Bb5 Ng4 (25... a5 26.
Nc6 {[%csl Ra5,Rf5]} Kf7 (26... Bc3 27. Ne7+) 27. Bb6) 26. Nxg4 fxg4 {[#]
starker weißer a-Freibauer, der nur auf Kosten eines eingeklemmten
hellfarbigen Läufers blockiert werden kann.} 27. Bxa7 Kf7 28. Bb6 {[%cal Ra2a7]
} Ba3 29. Kf1 Bc2 30. Ba5 Ke6 31. Bc4+ Kf5 32. Ke1 Bc1 (32... Ba4 33. Kd2 h5
34. Kc3 g5 35. Bb4 Bc1 36. Bc5 {nebst Kb4 und a4 oder Lb3 und a4}) 33. Bb5 {
[%cal Ra2a4] [#] Entweder läßt Schwarz a4 zu oder sein Lc2 wird eingekerkert}
Ba3 34. Kd2 Bb1 35. Bc4 g5 36. Bb6 e3+ (36... h5 37. Be3 h4 38. Kc3 Kf6 39. Kb3
Bd6 40. Kb2 $18) 37. Bxe3 Bb4+ 38. Kc1 Be4 39. Kb2 h6 40. Kb3 Ba5 41. Bd3 Ke5
42. Bxe4 Kxe4 43. Kc4 1-0

[Event "Alicante op"]
[Site "Alicante"]
[Date "1997.??.??"]
[Round "9"]
[White "Ponomariov, Ruslan"]
[Black "Kovacevic, Slobodan"]
[Result "1/2-1/2"]
[WhiteElo "2565"]
[BlackElo "2420"]
[PlyCount "58"]
[EventDate "1997.??.??"]
[EventType "swiss"]
[EventRounds "9"]
[EventCountry "ESP"]
[SourceTitle "EXT 2000"]
[Source "ChessBase"]
[SourceDate "1999.11.16"]
[SourceVersion "1"]
[SourceVersionDate "1999.11.16"]
[SourceQuality "1"]

1. e4 c5 2. c3 e6 3. d4 d5 4. exd5 exd5 5. Nf3 Nc6 6. Bb5 Bd6 7. dxc5 Bxc5 8.
O-O Nge7 9. Nbd2 O-O 10. Nb3 Bb6 11. Re1 Nf5 12. Bd3 h6 13. Bf4 Qf6 14. Qd2 Rd8
15. a4 a5 16. Rad1 Be6 17. Bxf5 Bxf5 18. Nfd4 Bg4 19. Rc1 Re8 20. h3 Bd7 21.
Nb5 Ne5 22. Bxe5 Rxe5 23. Rxe5 Qxe5 24. Re1 Qf6 25. N3d4 Re8 26. Rxe8+ Bxe8 27.
Qe2 Bd7 28. Nf3 Qf4 29. Nfd4 Bxb5 1/2-1/2

[Event "Kiev"]
[Site "Kiev"]
[Date "1997.??.??"]
[Round "?"]
[White "Golubev, Mikhail"]
[Black "Ponomariov, Ruslan"]
[Result "1/2-1/2"]
[WhiteElo "2530"]
[BlackElo "2565"]
[PlyCount "36"]
[EventDate "1997.??.??"]
[EventType "tourn"]
[EventRounds "13"]
[EventCountry "UKR"]
[EventCategory "9"]
[SourceTitle "EXT 2002"]
[Source "ChessBase"]
[SourceDate "2001.11.25"]
[SourceVersion "1"]
[SourceVersionDate "2001.11.25"]
[SourceQuality "1"]

1. e4 d6 2. d4 Nf6 3. Nc3 g6 4. Nf3 Bg7 5. Be2 O-O 6. O-O Bg4 7. Ng5 Bxe2 8.
Qxe2 Nc6 9. Be3 e5 10. dxe5 Nxe5 11. Rad1 Re8 12. Nf3 Ned7 13. Qc4 a6 14. Bg5
Qc8 15. Rfe1 h6 16. Bxf6 Nxf6 17. e5 dxe5 18. Nxe5 Qe6 1/2-1/2

[Event "Kiev"]
[Site "Kiev"]
[Date "1997.??.??"]
[Round "?"]
[White "Ponomariov, Ruslan"]
[Black "Komliakov, Viktor"]
[Result "1/2-1/2"]
[WhiteElo "2565"]
[BlackElo "2460"]
[PlyCount "97"]
[EventDate "1997.??.??"]
[EventType "tourn"]
[EventRounds "13"]
[EventCountry "UKR"]
[EventCategory "9"]
[SourceTitle "EXT 2002"]
[Source "ChessBase"]
[SourceDate "2001.11.25"]
[SourceVersion "1"]
[SourceVersionDate "2001.11.25"]
[SourceQuality "1"]

1. e4 d6 2. d4 Nf6 3. Nc3 e5 4. Nf3 Nbd7 5. Bc4 Be7 6. O-O h6 7. Re1 c6 8. a4
Qc7 9. a5 Rb8 10. d5 O-O 11. Bf1 b5 12. axb6 axb6 13. dxc6 Qxc6 14. Ra7 b5 15.
Nd5 Bd8 16. Be3 b4 17. Nd2 Nxd5 18. exd5 Qxd5 19. Nc4 Nf6 20. Nxd6 Be6 21. Bc4
Qxd1 22. Rxd1 Bb6 23. Bxb6 Rxb6 24. Bxe6 fxe6 25. Nc4 Rb5 26. b3 e4 27. h3 Rd5
28. Rda1 Rg5 29. h4 Rd5 30. Rb7 Ng4 31. Ne3 Nxe3 32. fxe3 Rf6 33. Rxb4 Rd2 34.
Rxe4 Rxc2 35. b4 Rb2 36. Rf1 Kf7 37. g4 e5 38. Rxf6+ gxf6 39. Rc4 Kg6 40. Kf1
h5 41. Ke1 hxg4 42. Rxg4+ Kh5 43. Re4 f5 44. Rxe5 Rxb4 45. Rxf5+ Kxh4 46. Ke2
Kg4 47. Rc5 Rb3 48. Ra5 Rc3 49. Kd2 1/2-1/2

[Event "Kiev"]
[Site "Kiev"]
[Date "1997.??.??"]
[Round "1"]
[White "Frolov, Artur"]
[Black "Ponomariov, Ruslan"]
[Result "0-1"]
[WhiteElo "2515"]
[BlackElo "2565"]
[PlyCount "80"]
[EventDate "1997.??.??"]
[EventType "tourn"]
[EventRounds "13"]
[EventCountry "UKR"]
[EventCategory "9"]
[SourceTitle "EXT 2000"]
[Source "ChessBase"]
[SourceDate "1999.11.16"]
[SourceVersion "1"]
[SourceVersionDate "1999.11.16"]
[SourceQuality "1"]

1. e4 c6 2. d4 d5 3. Nd2 dxe4 4. Nxe4 Nd7 5. Bd3 Ngf6 6. Ng5 e6 7. N1f3 Bd6 8.
Qe2 h6 9. Ne4 Nxe4 10. Qxe4 Qc7 11. Qg4 g5 $5 (11... Bf8) 12. Qh3 Rg8 $1 13.
Nd2 $1 (13. Qxh6 $2 Bf8 $1 14. Qh7 Nf6 15. Qh3 g4 16. Qh4 gxf3 17. Qxf6 fxg2
18. Rg1 Qxh2 $19) 13... g4 $5 14. Qe3 (14. Qxh6 Bf4 15. Qh4 Bg5 16. Qg3 Bf4 17.
Qh4 Bg5 $11) 14... Bf4 15. Qe2 c5 16. g3 $1 Bxd2+ 17. Bxd2 cxd4 18. O-O-O Nc5
19. Bf4 Qb6 20. Qe5 Ke7 21. Bh7 Rd8 22. Qg7 Na4 23. b3 Qc5 24. Bg6 Qa3+ 25. Kd2
Rf8 26. Ke1 Qb4+ 27. c3 Qxc3+ 28. Bd2 Qc6 29. f3 Nc3 30. Bxh6 Bd7 31. Rf1 Nxd1
32. Kxd1 Qc3 33. Bg5+ Kd6 34. Bf4+ Kc6 35. Be4+ Kb6 36. Qe5 Rac8 37. Rf2 Qa1+
38. Ke2 Bb5+ 39. Bd3 Rc2+ 40. Bd2 Rxd2+ $1 0-1

[Event "RUS-Cup6"]
[Site "Krasnodar"]
[Date "1997.03.13"]
[Round "3"]
[White "Ponomariov, Ruslan"]
[Black "Daniliuk, Sergey"]
[Result "0-1"]
[WhiteElo "2565"]
[BlackElo "2410"]
[Annotator "Hecht,H"]
[PlyCount "114"]
[EventDate "1997.03.11"]
[EventType "swiss"]
[EventRounds "9"]
[EventCountry "RUS"]
[SourceTitle "EXT 2000"]
[Source "ChessBase"]
[SourceDate "1999.11.16"]
[SourceVersion "1"]
[SourceVersionDate "1999.11.16"]
[SourceQuality "1"]

1. e4 e5 2. Nf3 Nc6 3. Bc4 Bc5 4. b4 Bxb4 5. c3 Be7 6. d4 Na5 7. Be2 exd4 8.
Qxd4 Nf6 9. e5 Nc6 10. Qh4 Nd5 11. Qg3 g6 12. O-O O-O 13. Bh6 Re8 14. c4 Nb6
15. Nc3 d6 16. c5 Nd7 17. cxd6 cxd6 18. exd6 Bf6 19. Ng5 Nd4 20. Nxf7 Nxe2+ 21.
Nxe2 Kxf7 22. Qb3+ Re6 23. Nf4 Nc5 24. Nxe6 Bxe6 25. Qf3 Qxd6 26. Rad1 Qe7 27.
Rfe1 Rd8 28. g4 Rxd1 29. Rxd1 Ke8 30. Bf4 Nd7 31. Bd6 Qd8 32. Re1 Kf7 33. Re3
Qb6 34. Ba3 Kg7 35. Qe4 Bf7 36. Be7 Qc6 37. Bxf6+ Nxf6 38. Qe5 Qd5 39. h3 Qxe5
40. Rxe5 Kf8 {Forcieren der Damenflügelmehrheit und Qualitätsgewinn u.a. mit
Hilfe der Springergabel. Einfache Vorteilsrealisierung.} 41. f4 Nd5 42. f5 b5
43. a3 a5 44. Kf2 b4 45. axb4 axb4 46. fxg6 hxg6 47. Ke1 b3 48. Kd2 b2 49. Re1
(49. Kc2 Nb4+ 50. Kb1 Ba2+ 51. Kxb2 Nd3+ 52. Kxa2 Nxe5 $19) 49... Nb6 50. Kc2
Na4 51. Rb1 g5 52. Rxb2 Nxb2 53. Kxb2 Bd5 54. Kc3 Bg2 55. Kd4 Bxh3 56. Ke5 Kg7
57. Kf5 Kh6 0-1

[Event "RUS-Cup6"]
[Site "Krasnodar"]
[Date "1997.03.16"]
[Round "6"]
[White "Volkov, Sergey"]
[Black "Ponomariov, Ruslan"]
[Result "0-1"]
[WhiteElo "2480"]
[BlackElo "2565"]
[PlyCount "76"]
[EventDate "1997.03.11"]
[EventType "swiss"]
[EventRounds "9"]
[EventCountry "RUS"]
[SourceTitle "EXT 2000"]
[Source "ChessBase"]
[SourceDate "1999.11.16"]
[SourceVersion "1"]
[SourceVersionDate "1999.11.16"]
[SourceQuality "1"]

1. d4 Nf6 2. c4 c5 3. d5 b5 4. cxb5 a6 5. f3 g6 6. e4 Bg7 7. e5 Ng8 8. f4 d6 9.
Nf3 Nd7 10. Bd2 dxe5 11. Bc3 Nb6 12. Nxe5 Nf6 13. bxa6 O-O 14. Nc6 Qd7 15. Bxf6
Bxf6 16. Ne5 Qf5 17. Qf3 Bxe5 18. fxe5 Qxe5+ 19. Qe2 Qxd5 20. Nc3 Qf5 21. Qxe7
Be6 22. O-O-O Na4 23. Bb5 Nxc3 24. bxc3 Bxa2 25. Qe2 Qb1+ 26. Kd2 Rad8+ 27. Ke3
Rfe8+ 28. Kf3 Qf5+ 29. Kg3 Qg5+ 30. Qg4 Re3+ 31. Kf2 Qxg4 32. Rxd8+ Kg7 33. Ra1
Rxc3 34. Rxa2 Qf4+ 35. Ke1 Rc1+ 36. Rd1 Qb4+ 37. Rad2 Rxd1+ 38. Kxd1 Qb1+ 0-1